| 000 | 02109cam a2200361 a 4500 | ||
|---|---|---|---|
| 001 | 14899330 | ||
| 005 | 20170105102918.0 | ||
| 008 | 070621s2008 mdu b 001 0 eng | ||
| 010 | _a 2007026060 | ||
| 020 | _a9788175967717 (pbk. : alk. paper) | ||
| 035 | _a(OCoLC)ocn145431813 | ||
| 035 |
_a(OCoLC)145431813 _z(OCoLC)154706161 _z(OCoLC)154706162 |
||
| 040 |
_aDLC _cDLC _dYDXCP _dBAKER _dBTCTA _dC#P _dDLC |
||
| 043 | _an-us--- | ||
| 050 | 0 | 0 |
_aHV6432 _b.P345 2008 |
| 082 | 0 | 0 |
_a973.931 _222 |
| 100 | 1 | _aPalmer, Monte. | |
| 245 | 1 | 0 |
_aIslamic extremism : _bcauses, diversity, and challenges / _cMonte Palmer and Princess Palmer. |
| 260 |
_aLanham : _bRowman & Littlefield Publishers, _cc2008. |
||
| 300 |
_ax, 291 p. ; _c24 cm. |
||
| 504 | _aIncludes bibliographical references and index. | ||
| 505 | 0 | _aAmerica's struggle against terror : who is the enemy? -- Islam, Muslim extremism, and anti-Americanism -- The Muslim brotherhood and the origin of the radical moderates -- Hamas : the ascendance of religious extremism in the Arab Israeli conflict -- Hizbullah : a tale of three countries -- Iraqi Hizbullah -- Turkey : a model for democratic Islamic rule? -- The jihadist movement and how it evolved -- The jihadist war plan -- The jihadist war machine -- The allies of the jihadists : those who make terror possible -- The Israeli struggle against terror and Islamic extremism : a guide for the United States -- How America's allies in the Islamic World fight terror -- America, Islamic extremism and jihadist terror. | |
| 650 | 0 | _aWar on Terrorism, 2001-2009. | |
| 650 | 0 | _aIslamic fundamentalism. | |
| 650 | 0 | _aJihad. | |
| 650 | 0 | _aIslam and politics. | |
| 651 | 0 |
_aUnited States _xPolitics and government _y2001-2009. |
|
| 700 | 1 |
_aPalmer, Princess, _d1952- |
|
| 856 | 4 | 1 |
_3Table of contents only _uhttp://www.loc.gov/catdir/toc/ecip0721/2007026060.html |
| 906 |
_a7 _bcbc _corignew _d1 _eecip _f20 _gy-gencatlg |
||
| 942 |
_2ddc _cBK |
||
| 999 |
_c15462 _d15462 |
||